Nennen Sie die Provinzen Spaniens - 50 Provinzen - Statistiken

Allgemein
  • Dieses Quiz wurde 10 mal gespielt
  • Das Durchschnittsergebnis liegt bei 25 aus 50
Antwortstatistiken
Antwort % Korrekt
Barcelona
100%
Málaga
100%
Murcia
100%
Valencia
100%
Madrid
90%
Sevilla
90%
Alicante
80%
Granada
80%
Toledo
80%
A Coruña
70%
Córdoba
70%
Las Palmas
70%
León
70%
Almeria
60%
Cádiz
60%
Navarra
60%
Salamanca
60%
Saragossa
60%
Tarragona
60%
Asturien
50%
Cáceres
50%
Girona
50%
Huelva
50%
La Rioja
50%
Valladolid
50%
Ávila
40%
Badajoz
40%
Burgos
40%
Castellón
40%
Guadalajara
40%
Jaén
40%
Lleida
40%
Lugo
40%
Ourense
40%
Pontevedra
40%
Teruel
40%
Albacete
30%
Cantabria
30%
Huesca
30%
Palencia
30%
Segovia
30%
Soria
30%
Zamora
30%
Álava
20%
Ciudad Real
20%
Cuenca
20%
Gipuzkoa
20%
Santa Cruz de Tenerife
20%
Bizkaia
0%
Illes Balears
0%
Keine übereinstimmenden Quizze gefunden
Verteilung der Resultate
Anzahl Personen mit jedem Resultat
Perzentil nach korrekt beantworteten Fragen
Ihre Resultats-Entwicklung
Sie haben dieses Quiz noch nicht gespielt